Most Read Scripture at Mass - Statistics

General Stats
  • This quiz has been taken 44 times
  • The average score is 13 of 21
Answer Stats
Number of Appearances Book % Correct
110 John
100%
167 Luke
100%
95 Mark
100%
151 Matthew
100%
46 Genesis
94%
34 Exodus
83%
54 Romans
81%
65 Acts
72%
20 Revelation
72%
79 Isaiah
58%
49 1 Corinthians
53%
27 Ephesians
53%
23 2 Corinthians
50%
24 Ezekiel
47%
33 Jeremiah
47%
23 Deuteronomy
44%
43 Hebrews
44%
21 Daniel
33%
24 1 John
25%
23 1 Kings
19%
22 Sirach
6%
No matching quizzes found
Score Distribution
Percent of People with Each Score
Percentile by Number Answered
Your Score History
You have not taken this quiz